000 00586nam a2200205Ia 4500
003 GCL
008 140319s9999 xx 000 0 ara d
040 _aGCL /
_cGCL
082 0 4 _a923.2
_bا م
100 1 _aاسماعيل صدقى
245 1 0 _aمذكرات اسماعيل صدقى /
_cاسماعيل صدقى
260 _a[S.N] :
_bدار الهلال للطباعة والنشر ،
_c1950
300 _a142 ص
490 _a
650 0 4 _aالعصر الحديث
650 0 4 _aمصر
650 0 4 _aتاريخ
650 0 4 _aالتراجم الذاتية
942 _2ddc
_cBK
999 _c32443
_d32443